| 000 | 00404nam a2200097Ia 4500 | ||
|---|---|---|---|
| 008 | 180130s9999 xx 000 0 und d | ||
| 245 |
_cOgala, E.; Aideyan, D.O. _aStatistical modeling and computer simluation of corrosion growth in aluminum alloy |
||
| 260 | _c2016 | ||
| 300 | _aBook title: Innovations in computer science and engineering--Acession number C20551; pages 202-210 | ||
| 650 | _aCOMPUTER SCIENCE | ||
| 999 |
_c353754 _d353754 |
||